[Event "RUS-ch m1-2"]
[Site "Elista"]
[Date "1997.??.??"]
[Round "4.1"]
[White "Svidler, Peter"]
[Black "Dvoirys, Semen I"]
[Result "1-0"]
[WhiteElo "2640"]
[BlackElo "2590"]

1.e4 c5 2.Nf3 d6 3.d4 cxd4 4.Nxd4 Nf6 5.Nc3 a6 6.Be3 e5 7.Nb3 Be6 8.f3 Nbd7
9.g4 Be7 10.Qd2 Rc8 11.O-O-O Nb6 12.h4 Nc4 13.Bxc4 Rxc4 14.g5 Nh5 15.Kb1 Qc7
16.Nd5 Bxd5 17.Qxd5 O-O 18.c3 b5 19.Nd2 Rc6 20.Rc1 Rc8 21.Rc2 Bd8 22.Rhc1 Qb8
23.c4 Bb6 24.Nf1 Ba5 25.a4 g6 26.cxb5 Rxc2 27.Rxc2 Rxc2 28.Kxc2 Nf4 29.Qc6 axb5
30.axb5 Ng2 31.Bf2 Be1 32.Bg1 Nxh4 33.b6 Ba5 34.b7 Qc7 35.Qxc7 Bxc7 36.Nd2 Bb8
37.Bf2 Ng2 38.Nc4 Nf4 39.Na5 Ne6 40.Nc6 Bc7 41.Bb6  1-0

[Event "Schachschule Erlangen op"]
[Site "Erlangen"]
[Date "1997.??.??"]
[Round "2"]
[White "Braginskij, Alexej"]
[Black "Schwarz, Michael"]
[Result "0-1"]
[WhiteElo "1957"]
[BlackElo "2400"]

1.e4 c5 2.Nf3 d6 3.d4 cxd4 4.Nxd4 Nf6 5.Nc3 a6 6.Be3 e5 7.Nb3 Be6 8.Be2 Be7
9.O-O O-O 10.f4 exf4 11.Bxf4 Nc6 12.Qe1 b5 13.Qg3 b4 14.Bh6 Ne8 15.Nd5 Bh4
16.Qe3 gxh6 17.Qxh6 Qg5 18.Qxg5+ Bxg5 19.a3 Bxd5 20.exd5 Nd4 21.Nxd4 Be3+
22.Kh1 Bxd4 23.axb4 Bxb2 24.Rxa6 Rxa6 25.Bxa6 Nc7 26.Rb1 Ra8 27.Bb7 Ra4 28.c3 Bxc3
29.b5 Na8 30.Bxa8 Rxa8 31.b6 Rb8 32.b7 Bd4 33.g3 Kg7 34.Kg2 f5 35.Kf3 Kf6
36.h3 Ke5 37.Re1+ Kxd5 38.Re7 Be5 39.Rxh7 Rg8 40.g4 fxg4+ 41.hxg4 Kc6 42.Re7 Rb8
43.Ke4 Rxb7 44.Re6 Rf7 45.Ke3 Kd5 46.Rg6 Rg7 47.Rh6 Rxg4  0-1

[Event "FRA-chT9697 groupe B"]
[Site "France"]
[Date "1997.??.??"]
[Round "3"]
[White "Rouchouse, Stevens"]
[Black "Guidarelli, Laurent"]
[Result "1/2-1/2"]
[WhiteElo "2170"]
[BlackElo "2180"]

1.e4 c5 2.Nf3 d6 3.d4 cxd4 4.Nxd4 Nf6 5.Nc3 a6 6.Be3 e5 7.Nb3 Be6 8.Qd2 Nbd7
9.f3 Rc8 10.O-O-O Qc7 11.Kb1 b5 12.g4 Nb6 13.Bxb6 Qxb6 14.Nd5 Bxd5 15.exd5 Be7
16.h4 O-O 17.Be2 Rfe8 18.Rhg1 Nd7 19.g5 Bf8 20.Bd3 e4 21.Bxe4 Ne5 22.Qd4 Qd8
23.h5 Rc4 24.Qf2 g6 25.h6 f5 26.Bd3 Rf4 27.Rg3 Nxd3 28.Rxd3 Qe7 29.Rd1 Qe2
30.Qxe2 Rxe2 31.a3 Rf2 32.Nd4 Be7 33.b3 Kf7 34.Rd3 Rh4 35.Nc6 Rh1+ 36.Kb2 Rhh2
37.Rc3 Rd2 38.Nxe7 Kxe7 39.Rc7+ Kd8 40.Rc6 Kd7 41.a4 bxa4 42.bxa4 Rxd5 43.Rxa6 Rc5
44.Ra7+ Kc6 45.Rxh7 Rcxc2+ 46.Kb3 Rb2+ 47.Kc3 Kd5 48.Rg4 Rhc2+ 49.Kd3 Rd2+
50.Kc3 Rdc2+  1/2-1/2

[Event "Geneve op"]
[Site "Geneve"]
[Date "1997.??.??"]
[Round "1"]
[White "Peng Xiaomin"]
[Black "Astengo, Corrado"]
[Result "1-0"]
[WhiteElo "2500"]
[BlackElo "2140"]

1.e4 c5 2.Nf3 d6 3.d4 Nf6 4.Nc3 cxd4 5.Nxd4 a6 6.Be3 e5 7.Nf3 Qc7 8.a4 Be6
9.a5 Nbd7 10.Be2 Rc8 11.O-O Be7 12.Ng5 Bc4 13.Ra4 Bxe2 14.Qxe2 O-O 15.Rd1 h6
16.Nf3 Rfe8 17.Nh4 Bf8 18.Nf5 Kh7 19.Qd2 Re6 20.f3 Ng8 21.Bf2 b5 22.axb6 Nxb6
23.Nd5 Nxd5 24.exd5 Ree8 25.Ne3 Qb7 26.b3 Be7 27.Qd3+ g6 28.Rxa6 Nf6 29.Rda1 Ra8
30.Qc4 Rec8 31.Qa4 Rxa6 32.Qxa6 Qc7 33.c4 Nd7 34.Qa5 Nc5 35.Qxc7 Rxc7 36.b4 Nd3
37.b5 Bg5 38.b6 Rb7 39.Rb1 Nxf2 40.Kxf2 Bd8 41.c5 dxc5 42.Nc4 Kg7 43.Ke3 f5
44.Kd3 Kf6 45.Rb5 Rb8 46.Rxc5  1-0

[Event "Geneve op"]
[Site "Geneve"]
[Date "1997.??.??"]
[Round "3"]
[White "Peng Xiaomin"]
[Black "Gallagher, Joseph G"]
[Result "1/2-1/2"]
[WhiteElo "2500"]
[BlackElo "2545"]

1.e4 c5 2.Nf3 d6 3.d4 cxd4 4.Nxd4 Nf6 5.Nc3 a6 6.Be3 e5 7.Nf3 Qc7 8.a4 Be7
9.a5 O-O 10.Be2 Nbd7 11.O-O b5 12.axb6 Nxb6 13.Nd2 Bb7 14.Bxb6 Qxb6 15.Nc4 Qc5
16.Qd3 a5 17.Ne3 Rfb8 18.Ra2 Bc6 19.Rfa1 Bd8 20.Rd1 Bc7 21.Ned5 Bxd5 22.Nxd5 Nxd5
23.Qxd5 Qxd5 24.Rxd5 Rb4 25.Bd3 Rab8 26.b3 Kf8 27.Kf1 Ke7 28.Ke2 g6 29.Ra1 Rf8
30.Rb5 Rxb5 31.Bxb5 f5 32.f3 fxe4 33.fxe4 Bb6 34.Rf1 Rxf1 35.Kxf1 d5 36.exd5 Kd6
37.Bc6 e4 38.Ke2 Bc5 39.Kd2 Bb4+ 40.c3 Bc5 41.Ke2  1/2-1/2

[Event "Geneve op"]
[Site "Geneve"]
[Date "1997.??.??"]
[Round "5"]
[White "Peng Xiaomin"]
[Black "Lazarev, Vladimir"]
[Result "1-0"]
[WhiteElo "2500"]
[BlackElo "2450"]

1.e4 c5 2.Nf3 d6 3.d4 cxd4 4.Nxd4 Nf6 5.Nc3 a6 6.Be3 Ng4 7.Bg5 h6 8.Bh4 g5
9.Bg3 Bg7 10.Qd2 Nc6 11.Nb3 Be6 12.f3 Nge5 13.Nd5 b5 14.Bf2 Rb8 15.Nd4 Nxd4
16.Bxd4 Bxd5 17.exd5 Qc7 18.h4 Qb7 19.hxg5 Qxd5 20.gxh6 Kd7 21.Be3 Qe6 22.Kf2 Bf6
23.g3 Nc4 24.Bxc4 bxc4 25.c3 Rb5 26.Rae1 Rhb8 27.Re2 Rxb2 28.Qxb2 Rxb2 29.Rxb2 Bxc3
30.Rb7+ Kc8 31.Ra7 Qf5 32.h7 Qc2+ 33.Kg1 Bh8 34.Bf2 Qb2 35.Kg2 Kd8 36.Rh4 f5
37.Rxc4 Ke8 38.Rcc7 Bd4 39.Rxe7+ Kf8 40.h8=Q+ Bxh8 41.Reb7  1-0

[Event "Geneve op"]
[Site "Geneve"]
[Date "1997.??.??"]
[Round "9"]
[White "Pinski, Jan"]
[Black "Vegh, Jean Pierre"]
[Result "1-0"]
[WhiteElo "2245"]
[BlackElo "2210"]

1.e4 c5 2.Nf3 d6 3.d4 cxd4 4.Nxd4 Nf6 5.Nc3 a6 6.Be3 e5 7.Nb3 Be7 8.f3 Be6
9.Qd2 Nbd7 10.O-O-O Qc7 11.g4 Nb6 12.g5 Nfd7 13.Nd5 Nxd5 14.exd5 Bf5 15.Bd3 Bxd3
16.Qxd3 Rc8 17.Rhg1 Nb6 18.Bxb6 Qxb6 19.Nd2 Qc5 20.Rg4 Kf8 21.Rc4  1-0

[Event "Gent op"]
[Site "Gent"]
[Date "1997.??.??"]
[Round "?"]
[White "Horvath, Tamas"]
[Black "Zsinka, Laszlo"]
[Result "1-0"]
[WhiteElo "2395"]
[BlackElo "2360"]

1.e4 c5 2.Nf3 d6 3.d4 cxd4 4.Nxd4 Nf6 5.Nc3 a6 6.Be3 Ng4 7.Bg5 h6 8.Bc1 Nf6
9.Bc4 e6 10.Bb3 b5 11.f4 Bb7 12.e5 dxe5 13.fxe5 Ne4 14.Nxe4 Bxe4 15.Be3 Bxg2
16.Qg4 Bxh1 17.O-O-O Bd5 18.Nxe6 fxe6 19.Bxd5 exd5 20.Qg6+ Ke7 21.Bc5+ Kd7
22.Rxd5+ Kc8 23.Rxd8+ Kxd8 24.Bb6+ Kd7 25.Qe4 Nc6 26.Qd5+ Ke7 27.Bc5+  1-0

[Event "BL9798 (Women)"]
[Site "Germany"]
[Date "1997.??.??"]
[Round "?.6"]
[White "Schubert, Silke"]
[Black "Schuster, Birgit"]
[Result "1-0"]
[WhiteElo "2075"]
[BlackElo "2120"]

1.e4 c5 2.Nf3 d6 3.d4 cxd4 4.Nxd4 Nf6 5.Nc3 a6 6.Be3 e5 7.Nb3 Be7 8.f3 Be6
9.Qd2 Qc7 10.O-O-O Nbd7 11.g4 Nb6 12.g5 Nfd7 13.h4 Rc8 14.Qf2 Nc4 15.Bxc4 Qxc4
16.Kb1 b5 17.Nd5 b4 18.Rd2 Bd8 19.Rc1 a5 20.c3 Qb5 21.cxb4 Rxc1+ 22.Nxc1 axb4
23.Qe2 Qxe2 24.Nxe2 Ba5 25.b3 Nb8 26.f4 Bg4 27.Rc2 Kd7 28.f5 Rc8 29.Rxc8 Kxc8
30.Ng3 Nc6 31.Kc2 Bd8 32.Kd3 Bd1 33.Kc4 Kb7 34.Nxb4 Nxb4 35.Kxb4 Kc6 36.Kc4 Ba5
37.b4 Bc7 38.Bf2 Bf3 39.b5+ Kb7 40.Kb4 d5 41.exd5 Bxd5 42.a4 e4 43.Ne2 Be5
44.a5 h6 45.Kc5 Bb3 46.Bd4 Bc7 47.a6+ Ka8 48.b6 Bd8 49.f6  1-0

[Event "BL2-S9697"]
[Site "Germany"]
[Date "1997.??.??"]
[Round "?.2"]
[White "Werner, Marc"]
[Black "Zuse, Klaus Peter"]
[Result "1-0"]
[WhiteElo "2360"]
[BlackElo "2340"]

1.e4 c5 2.Nf3 d6 3.d4 cxd4 4.Nxd4 Nf6 5.Nc3 a6 6.Be3 e5 7.Nf3 Be6 8.Ng5 Qc7
9.Nxe6 fxe6 10.g4 Nc6 11.g5 Nd7 12.Bh3 Nd8 13.Qd3 Be7 14.Rf1 O-O 15.Bxe6+ Nxe6
16.Qd5 Nc5 17.Bxc5 Qxc5 18.Qxe6+ Rf7 19.h4 Rf8 20.O-O-O Kh8 21.Rd3 Bd8 22.f3 Rf4
23.Qh3 Ba5 24.Nd5 Rc8 25.c3 Rff8 26.Kb1 b5 27.a3 Bd8 28.Qg4 a5 29.Rfd1 Ra8
30.Qd7 Ra7 31.Qe6 Raf7 32.Rf1 Qc4 33.Rfd1 b4 34.cxb4 axb4 35.b3 Qa6 36.a4 Ba5
37.g6 Rb7 38.gxh7 Bd8 39.Ne3 Bxh4 40.Nf5 Bf6 41.Nxd6 Ra7 42.f4 exf4 43.e5 Bh4
44.Qg6 Qa5 45.Rd5 Qc7 46.Nb5 Qf7 47.Qg4 g5 48.Nxa7 Qxa7 49.Rd8 Qf7 50.Rxf8+ Qxf8
51.Rd3 Qa8 52.Qf5 Qh1+ 53.Kc2 Qc6+ 54.Kb2 Qg2+ 55.Kc1 Qg1+ 56.Kc2 Qc5+ 57.Kb2 Qf2+
58.Kc1 Qg1+ 59.Rd1 Qe3+ 60.Kb2 Qe2+ 61.Qc2 Qxe5+ 62.Ka2 g4 63.Qc8+ Kxh7 64.Qxg4 Bg5
65.Qh5+ Kg8 66.Rd8+  1-0

[Event "BL2-W9697"]
[Site "Germany"]
[Date "1997.??.??"]
[Round "?.3"]
[White "Madl, Ildiko"]
[Black "Danner, Georg"]
[Result "1/2-1/2"]
[WhiteElo "2365"]
[BlackElo "2430"]

1.e4 c5 2.Nf3 d6 3.d4 cxd4 4.Nxd4 Nf6 5.Nc3 a6 6.Be3 e5 7.Nf3 Qc7 8.a4 Be7
9.a5 Nbd7 10.Be2 O-O 11.O-O b5 12.axb6 Nxb6 13.Nd2 Bb7 14.Bxb6 Qxb6 15.Nc4 Qc5
16.Bd3 a5 17.Ne3 Bd8 18.Ra4 Qb6 19.Nc4 Qc5  1/2-1/2

[Event "BL2-W9697"]
[Site "Germany"]
[Date "1997.??.??"]
[Round "?.3"]
[White "Grabarczyk, Bogdan"]
[Black "Danner, Georg"]
[Result "1-0"]
[WhiteElo "2460"]
[BlackElo "2430"]

1.e4 c5 2.Nf3 d6 3.d4 cxd4 4.Nxd4 Nf6 5.Nc3 a6 6.Be3 e5 7.Nb3 Be6 8.f3 Be7
9.Qd2 O-O 10.O-O-O b5 11.g4 b4 12.Nd5 Bxd5 13.exd5 a5 14.Nc5 a4 15.g5 Nh5
16.Ne4 Qa5 17.Kb1 Nd7 18.Rg1 g6 19.Rg4 Rfb8 20.Rh4 f5 21.gxf6 Ndxf6 22.Bh3 Nxe4
23.Rxe4 Bf6 24.Bd7 Bg7 25.Bc6 Ra6 26.Rc4 a3 27.b3 Nf4 28.h4 h6 29.Rg1 Qd8
30.Rg4 Qf6 31.Rxb4 Rxb4 32.Qxb4 h5 33.Rg5 e4 34.c3 Ne2 35.Qb8+ Kh7 36.Be8 Nxc3+
37.Kc2 Nxd5 38.Bxg6+ Qxg6 39.Rxg6 Nxe3+ 40.Kd2 Nf1+ 41.Ke1 Kxg6 42.Qe8+ Kf6
43.Qxe4 Ra5 44.Kxf1 Re5 45.Qf4+ Ke7 46.Qb4 Bf6 47.Qb7+ Ke6 48.Qc8+ Ke7 49.b4 Rd5
50.Qc2 Kd8 51.Qg6 Ke7 52.Qh7+ Ke6 53.Qg8+ Ke5 54.Qe8+ Kd4 55.Qe4+  1-0

[Event "NRW-Liga 9798"]
[Site "Germany"]
[Date "1997.??.??"]
[Round "3.6"]
[White "Dueball, Juergen"]
[Black "Scholz, Christian"]
[Result "1/2-1/2"]
[WhiteElo "2370"]
[BlackElo "2240"]

1.e4 c5 2.Nf3 d6 3.d4 cxd4 4.Nxd4 Nf6 5.Nc3 a6 6.Be3 e5 7.Nb3 Qc7 8.f3 Be7
9.Qd2 O-O 10.g4 Be6 11.O-O-O b5 12.h4 Rc8 13.Rh2 Nbd7 14.h5 Nf8 15.g5 N6d7
16.Nd5 Bxd5 17.exd5 Nb6 18.Bxb6 Qxb6 19.Bd3 a5 20.Kb1 a4 21.Nc1 a3 22.g6 fxg6
23.hxg6 h6 24.Rdh1 axb2 25.Kxb2 e4 26.Bxe4 Bf6+ 27.Kb1 Qc5 28.c3 Bxc3 29.Qd1 Be5
30.Nd3 Qc3 31.Nxe5 Qxe5 32.Rc2 Rc4 33.Qd2 Rac8 34.Rhc1 Nd7 35.Qa5 Qd4 36.a3 Rb8
37.Ka2 Qb6 38.Qxb6 Nxb6 39.Rb1 Rxc2+ 40.Bxc2 Rc8 41.Rxb5 Rxc2+ 42.Kb3 Rg2
43.Rxb6 Rxg6 44.a4 h5 45.a5 Rg1 46.Rxd6 h4 47.a6 Ra1 48.Re6 Kf7 49.Re4 h3
50.Rh4 Rxa6 51.Rxh3 Rf6 52.Kc4 Ke7 53.Kc5 Kd7 54.Rg3 Rf7 55.Kd4 g5 56.Ke5 Rf4
57.Rxg5 Rxf3 58.Rg7+ Kd8 59.Ke6 Rd3 60.Kd6 Ke8 61.Rg8+ Kf7 62.Rd8 Ra3 63.Kc7 Ra7+
64.Kb6  1/2-1/2

[Event "Excelsior Cup"]
[Site "Gothenborg"]
[Date "1997.??.??"]
[Round "4"]
[White "Moberg, Karl Johan"]
[Black "Hultin, Johan"]
[Result "1/2-1/2"]
[WhiteElo "2335"]
[BlackElo "2330"]

1.e4 c5 2.Nf3 d6 3.d4 cxd4 4.Nxd4 Nf6 5.Nc3 a6 6.Be3 Ng4 7.Bg5 h6 8.Bh4 g5
9.Bg3 Bg7 10.Be2 Ne5 11.h4 Nbc6 12.Nb3 Be6 13.Nd5 Ng6 14.c3 Nxh4 15.Bxh4 gxh4
16.Rxh4 Bxd5 17.exd5 Ne5 18.Qd2 Ng6 19.Rb4 Qd7 20.Bg4 Qc7 21.Bh5 O-O-O 22.Bxg6 fxg6
23.Qd3 Kb8 24.O-O-O Rhf8 25.f3 g5 26.Kb1 Rf4 27.a3 Bf6 28.Nd2 Rxb4 29.axb4 Qd7
30.Rh1 Rh8 31.g4 Qe8 32.Ne4 h5 33.gxh5 Rxh5 34.Rxh5 Qxh5 35.Nf2 Be5 36.Ng4 Qh1+
37.Ka2 Bf4 38.Qe2 Ka8 39.Qxe7 Qxf3 40.Nf6 Ka7 41.Qc7 Qd1 42.Nd7 Qa4+ 43.Kb1 Qd1+  1/2-1/2

[Event "Excelsior Cup"]
[Site "Gothenborg"]
[Date "1997.??.??"]
[Round "8"]
[White "Moberg, Karl Johan"]
[Black "Rytshagov, Mikhail"]
[Result "1/2-1/2"]
[WhiteElo "2335"]
[BlackElo "2485"]

1.e4 c5 2.Nf3 d6 3.d4 Nf6 4.Nc3 cxd4 5.Nxd4 a6 6.Be3 e6 7.f3 b5 8.g4 h6 9.h4 b4
10.Nce2 e5 11.Nb3 d5 12.Ng3 Be6 13.Bd3 Nbd7 14.Qe2 a5 15.Kf1 a4 16.Nd2 dxe4
17.Ngxe4 Nd5 18.Nc4 Qc7 19.Kg2 Be7 20.Bd2 Nf8 21.Ng3 f6 22.Nf5 Bc5 23.Rad1 h5
24.g5 Rd8 25.Rhe1 Ng6  1/2-1/2

[Event "Graz op"]
[Site "Graz"]
[Date "1997.??.??"]
[Round "2"]
[White "Van den Doel, Erik"]
[Black "Freitag, Manfred"]
[Result "1-0"]
[WhiteElo "2440"]
[BlackElo "2390"]

1.e4 c5 2.Nf3 d6 3.d4 cxd4 4.Nxd4 Nf6 5.Nc3 a6 6.Be3 e5 7.Nb3 Be7 8.Qd2 O-O
9.f3 Be6 10.O-O-O a5 11.Bb5 Nc6 12.Kb1 Qb8 13.Nd5 Bxd5 14.exd5 a4 15.Nc1 Nd4
16.Bxd4 exd4 17.a3 Nxd5 18.Qxd4 Nc7 19.Bxa4 Bf6 20.Qb4 d5 21.Bb3 Rd8 22.Rhe1 b5
23.Qf4 Qa7 24.Na2 Ne6 25.Qe3 d4 26.Qe2 Nc5 27.Nb4 g6 28.Qxb5 Rdb8 29.Qc4 Rxb4
30.Qxb4 d3 31.Qb5 Nxb3 32.Qxb3 Rb8 33.Qxd3 Rxb2+ 34.Kc1 Qa5 35.Rd2 Kg7 36.Kd1 Bc3
37.Re3 Rb1+ 38.Ke2 Bxd2 39.Qd4+ Kh6 40.Qxd2 Qb5+ 41.Rd3+ Kg7 42.Qc3+ Kh6
43.Kf2 Rh1 44.Qb4 Qc6 45.Qf4+ Kg7 46.Qe5+ f6 47.Qe7+ Kh6 48.Rd7 Qxc2+ 49.Kg3 Qa4
50.Qf8+ Kg5 51.Rd5+ f5 52.Qd8+ Kh6 53.Rd4 Qa7 54.Qf8+  1-0

[Event "Groningen op"]
[Site "Groningen"]
[Date "1997.??.??"]
[Round "8"]
[White "Borge, Nikolaj"]
[Black "Rytshagov, Mikhail"]
[Result "1-0"]
[WhiteElo "2360"]
[BlackElo "2525"]

1.e4 c5 2.Nf3 d6 3.d4 cxd4 4.Nxd4 Nf6 5.Nc3 a6 6.Be3 Nc6 7.h3 e6 8.g4 Be7
9.Bg2 O-O 10.O-O Nxd4 11.Qxd4 e5 12.Qd2 Be6 13.Kh1 Rc8 14.a4 Rc4 15.b3 Rc8
16.Rfc1 Qc7 17.Na2 h5 18.g5 Nh7 19.c4 h4 20.Rg1 Qd8 21.Bf1 Qe8 22.Nc3 f6
23.gxf6 Nxf6 24.Kh2 Rf7 25.Rd1 Qd7 26.Qd3 Qc7 27.Be2 Rcf8 28.Rg6 Qd7 29.Rdg1 Kh7
30.f4 exf4 31.e5 Bf5 32.exf6 Bxd3 33.Bxd3 Bxf6 34.Rxf6+ Kh8 35.Rh6+ gxh6
36.Bd4+ Rf6 37.Nd5 f3 38.Bxf6+  1-0

[Event "Perenyi  Memorial"]
[Site "Gyula"]
[Date "1997.??.??"]
[Round "2"]
[White "Anka, Emil"]
[Black "Sax, Gyula"]
[Result "0-1"]
[WhiteElo "2450"]
[BlackElo "2545"]

1.e4 c5 2.Nf3 d6 3.d4 cxd4 4.Nxd4 Nf6 5.Nc3 a6 6.Be3 e6 7.g4 h5 8.g5 Ng4
9.Bc1 Qb6 10.h3 Ne5 11.Nb3 Qc7 12.f4 Ned7 13.Be3 b5 14.Bd3 g6 15.Bd4 Rg8
16.Qf3 Bb7 17.Rf1 Nc6 18.Be3 Bg7 19.O-O-O Bxc3 20.bxc3 Nb6 21.Qf2 Na4 22.Bd2 Ne7
23.Qd4 Rc8 24.Rf3 d5 25.exd5 Nxd5 26.Be4 Ndxc3 27.Rxc3 Nxc3 28.Bxc3 Bxe4
29.Qxe4 Qxc3 30.Nd4 Qa1+ 31.Kd2 Qxa2 32.Qe5 Qd5 33.Qf6 e5  0-1

[Event "FIN-ch"]
[Site "Helsinki"]
[Date "1997.??.??"]
[Round "3"]
[White "Kokkila, Tero"]
[Black "Keskisarja, Teemu"]
[Result "1/2-1/2"]
[WhiteElo "2285"]
[BlackElo "2315"]

1.e4 c5 2.Nf3 d6 3.d4 cxd4 4.Nxd4 Nf6 5.Nc3 a6 6.Be3 e5 7.Nb3 Be7 8.f3 Be6
9.Qd2 O-O 10.O-O-O a5 11.a4 Nc6 12.Qf2 Nb4 13.g4 d5 14.g5 Nd7 15.exd5 Bf5
16.Ne4 Bxe4 17.fxe4 Bxg5 18.Rg1 Bxe3+ 19.Qxe3 Qh4 20.c3 Na6 21.Bb5 Nf6 22.Rde1 Nc7
23.Bd3 Nd7 24.Nd2 b6 25.Nf3 Qf6 26.Ref1 Nc5 27.Bc2 Ne8 28.Ng5 Qe7 29.Qh3 h6
30.Nf3 Kh8 31.Rg5 Nd7 32.Rfg1 Qf6 33.Rf5 Qe7 34.Rh5 Qf6 35.Nh4 Qf4+ 36.Kb1 Ndf6
37.Rf5 Qd2 38.Rxe5 Nd6 39.Rd1 Qf4 40.Qg3 Qxg3 41.hxg3 Rae8 42.Rxe8 Rxe8 43.Nf5 Nfxe4
44.Bxe4 Nxe4 45.d6 Rd8 46.Rd4 Nf6 47.b4 axb4 48.cxb4 Nd7 49.Kb2 g6 50.Nxh6 Kg7
51.Ng4 Re8 52.Kc3 f5 53.Nf2 Kf6 54.Kc4 Re3 55.g4 Rf3 56.Rd2 Rf4+ 57.Kb5 fxg4
58.Nd3 Rd4 59.Kc6 Ne5+ 60.Kc7 g3 61.a5 bxa5 62.bxa5 g2 63.Rf2+ Kg7 64.Rxg2 Rxd3
65.a6 Ra3 66.Kb7 Rb3+ 67.Kc7 Ra3 68.Kb7 Rb3+  1/2-1/2

[Event "Hessenliga9798"]
[Site "Hessen"]
[Date "1997.??.??"]
[Round "?.6"]
[White "Wilhelm, Jochen"]
[Black "Beck, Daniel"]
[Result "1/2-1/2"]
[WhiteElo "2225"]
[BlackElo "2140"]

1.e4 c5 2.Nf3 d6 3.d4 cxd4 4.Nxd4 Nf6 5.Nc3 a6 6.Be3 e6 7.Be2 Be7 8.O-O Qc7
9.f4 Nc6 10.Nb3 b5 11.a3 Bb7 12.Bf3 O-O 13.Qe2 Rac8 14.Rad1 Nd7 15.Qf2 Na5
16.Nxa5 Qxa5 17.e5 Bxf3 18.Qxf3 d5 19.Qg3 Qc7 20.Bd4 Bc5 21.Ne2 Qa7 22.Kh1 Bxd4
23.Nxd4 Rc4 24.c3 Nc5 25.f5 Ne4 26.Qf4 exf5 27.Qxf5 g6 28.Qf4 Qe7 29.Rd3 Re8
30.Rh3 Rc7 31.Qh6 Ng5 32.Rg3 Ne4 33.Rh3 Ng5 34.Re3 Ne4 35.Nf3 f6 36.exf6 Nf2+
37.Rxf2 Qxe3 38.Qxe3 Rxe3 39.g4 h6 40.h4 Rc4 41.Nd4 Re4 42.Kh2 Rcxd4 43.cxd4 Rxg4
44.f7+ Kf8 45.Rf6 Rxh4+ 46.Kg3 Rxd4 47.Rxg6 Kxf7 48.Rxa6 Rd3+ 49.Kf4 Rb3
50.Rxh6 Rxb2 51.Ke5 Rb3 52.Kxd5 Rxa3 53.Rb6  1/2-1/2

[Event "HUN-chT2 9798"]
[Site "HUN"]
[Date "1997.??.??"]
[Round "?"]
[White "Szabo, Zsolt Jozsef"]
[Black "Juhasz, Jozsef"]
[Result "1/2-1/2"]
[WhiteElo "2355"]
[BlackElo "2270"]

1.e4 c5 2.Nf3 d6 3.d4 cxd4 4.Nxd4 Nf6 5.Nc3 a6 6.Be3 e6 7.Be2 Be7 8.O-O O-O
9.a4 Nc6 10.Kh1 Qc7 11.f4 Re8 12.Bf3 Rb8 13.Qe2 Bd7 14.Qf2 Nxd4 15.Bxd4 e5
16.Be3 exf4 17.Bxf4 Be6 18.Rad1 Nd7 19.Nd5 Bxd5 20.Rxd5 Bf8 21.c3 Ne5 22.Bd1 Ng6
23.Rd4 Nxf4 24.Qxf4 Re6 25.Bb3 Rf6 26.Qc1 Be7 27.Bd5 Rxf1+ 28.Qxf1 Bf6 29.Rc4 Qd7
30.Qf5 Qxf5 31.exf5 Bd8 32.g4 Kf8 33.b4 a5 34.b5 h6 35.Kg2 Bb6 36.h4 f6 37.Kf3 Bc5
38.g5 hxg5 39.hxg5 fxg5 40.Kg4 b6 41.Kxg5 Re8 42.Be6 d5 43.Bxd5 Re3 44.Kf4 Re1
45.Kf3 Re3+ 46.Kg4 Ke7 47.Bc6 Bd6 48.Bf3 Bc5 49.Kf4 Re1 50.Kg5 Re3  1/2-1/2

[Event "HUN-chT2 9798"]
[Site "HUN"]
[Date "1997.??.??"]
[Round "?"]
[White "Blasko, Istvan"]
[Black "Pasztor, Ferenc"]
[Result "1-0"]
[WhiteElo "2050"]
[BlackElo "2240"]

1.e4 c5 2.Nf3 d6 3.d4 cxd4 4.Nxd4 Nf6 5.Nc3 a6 6.Be3 Qc7 7.f3 e5 8.Nb3 Be6
9.Qd2 Be7 10.O-O-O Nbd7 11.g4 Nc5 12.Kb1 Nfd7 13.Be2 Nb6 14.f4 Nba4 15.Nxc5 Nxc5
16.f5 Bd7 17.Nd5 Qc6 18.Bxc5 dxc5 19.g5 Bf8 20.Rhf1 O-O-O 21.Qa5 Bd6 22.Rd2 Kb8
23.Rfd1 Bc7 24.Qc3 Rhe8 25.b3 Ka7 26.Nxc7 Qxc7 27.Rd5 b6 28.Qd2  1-0

[Event "HUN-chT 9798"]
[Site "Hungary"]
[Date "1997.??.??"]
[Round "?"]
[White "Csoke, Adrienn"]
[Black "Kozma, Edit"]
[Result "1/2-1/2"]
[WhiteElo "2135"]
[BlackElo "2120"]

1.e4 c5 2.Nf3 d6 3.d4 cxd4 4.Nxd4 Nf6 5.Nc3 a6 6.Be3 e5 7.Nb3 Be6 8.Qd2 Be7
9.Be2 O-O 10.Rd1 b5 11.f3 Nbd7 12.O-O Qc7 13.Bd3 Nb6 14.Qe1 d5 15.Bg5 d4
16.Ne2 Nc4 17.Bc1 a5 18.f4 a4 19.fxe5 axb3 20.exf6 Bxf6 21.axb3 Ne3 22.Bxe3 dxe3
23.Rb1 Be5 24.g3 Rfd8 25.Qc1 Bxb3 26.Rd1 Ba2 27.Ra1 Qc5 28.Kg2 Rdc8 29.Rf1 b4
30.Rf3 Bc4 31.Rxa8 Rxa8 32.Qxe3 Qxe3 33.Rxe3 Bxd3 34.Rxd3 Bxb2 35.Rb3 Ba3
36.Kf3 Rc8 37.c3 Rc4 38.cxb4 Bxb4 39.Ke3 Bf8 40.Kd3 Rc8 41.Nd4 Rd8 42.Kc4 g6
43.h3 Re8 44.Kd5 Rd8+ 45.Kc4 Re8  1/2-1/2

[Event "HUN-chT 9798"]
[Site "Hungary"]
[Date "1997.??.??"]
[Round "?"]
[White "Turzo, Attila"]
[Black "Kocsis, Levente"]
[Result "1/2-1/2"]
[WhiteElo "2370"]
[BlackElo "2330"]

1.e4 c5 2.Nf3 d6 3.d4 Nf6 4.Nc3 cxd4 5.Nxd4 a6 6.Be3 e6 7.f3 Nbd7 8.Qd2 b5
9.O-O-O Bb7 10.Kb1 Be7 11.a3 Nb6 12.Qf2 Nfd7 13.Qg3 O-O 14.Bh6 Bf6 15.h4 Be5
16.f4 Bf6 17.Bg5 Rc8 18.Qe3 Qc7 19.Bxf6 Nxf6 20.Bd3 Nc4  1/2-1/2

[Event "World Cities"]
[Site "Jakarta "]
[Date "1997.??.??"]
[Round "7"]
[White "Korneev, Oleg"]
[Black "Elsness, Frode"]
[Result "1-0"]
[WhiteElo "2565"]
[BlackElo "2350"]

1.e4 c5 2.Nf3 d6 3.d4 cxd4 4.Nxd4 Nf6 5.Nc3 a6 6.Be3 e5 7.Nb3 Be6 8.Qd2 Be7
9.f3 O-O 10.O-O-O a5 11.Bb5 Nc6 12.Qe2  1-0

[Event "World Cities"]
[Site "Jakarta "]
[Date "1997.??.??"]
[Round "7"]
[White "Liu Dede"]
[Black "Sitanggang, Salor"]
[Result "1-0"]
[WhiteElo "2400"]
[BlackElo "2410"]

1.e4 c5 2.Nf3 d6 3.d4 cxd4 4.Nxd4 Nf6 5.Nc3 a6 6.Be3 e5 7.Nb3 Qc7 8.f3 Be6
9.g4 h6 10.Qd2 Nbd7 11.h4 Rc8 12.Rh2 Nb6 13.O-O-O Nfd7 14.Kb1 Be7 15.Qe1 Nc4
16.Bxc4 Qxc4 17.Nd5 Bxd5 18.Rxd5 O-O 19.Rd1 b5 20.Qd2 Ra8 21.Nc1 Rfd8 22.h5 f6
23.Ne2 Nc5 24.Nc3 Nd7 25.Nd5 Bf8 26.Bb6 Rdc8 27.Ba5 Kh7 28.Re1 Qc6 29.b3 Rab8
30.Ne3 Nc5 31.Qd5 Qe8 32.Nf5 b4 33.a4 bxa3 34.Re3 Rb5 35.Qd2 Nb7 36.Rc3  1-0

[Event "Juvenil op"]
[Site "?"]
[Date "1997.??.??"]
[Round "2"]
[White "Sanfeliu, A."]
[Black "Sole, JM."]
[Result "0-1"]
[WhiteElo "2020"]
[BlackElo "2135"]

1.e4 c5 2.Nf3 d6 3.d4 cxd4 4.Nxd4 a6 5.Nc3 Nf6 6.Be3 e6 7.f3 Be7 8.Qd2 Nbd7
9.g4 Ne5 10.g5 Nfd7 11.O-O-O Qc7 12.f4 Nc4 13.Bxc4 Qxc4 14.f5 Nc5 15.b3 Qb4
16.Kb1 e5 17.Nde2 Nxe4 18.Nxe4 Qxe4 19.Ng3 Qc6 20.Nh5 Rg8 21.Nxg7+ Rxg7 22.f6 Bxf6
23.gxf6 Rg2 24.Qc1 Bf5 25.Bd2 Rc8 26.Rdg1 Qxc2+ 27.Qxc2 Rxc2 28.Bh6 Rxa2+  0-1

[Event "Klatovy op-B"]
[Site "Klatovy"]
[Date "1997.??.??"]
[Round "?"]
[White "Novak, Michal"]
[Black "Kuttenberg, K."]
[Result "1-0"]
[WhiteElo "1720"]
[BlackElo "1675"]

1.e4 c5 2.Nf3 d6 3.d4 cxd4 4.Nxd4 Nf6 5.Nc3 a6 6.Be3 e6 7.a4 Be7 8.Bc4 Qc7
9.Bb3 Bd7 10.O-O O-O 11.f4 Nc6 12.Qf3 Nxd4 13.Bxd4 Bc6 14.Rfe1 e5 15.Bf2 Rad8
16.Rad1 exf4 17.Qxf4 Qc8 18.Re2 Qg4 19.Qxg4 Nxg4 20.Bg3 Ne5 21.Red2 g6 22.h4 Kg7
23.Nd5 Bxd5 24.Rxd5 f6 25.R5d4 Rd7 26.Be6 Rc7 27.c3 Re8 28.Bd5 Rb8 29.Rb4 Nc6
30.Rb6 Ne5 31.Bf2 Ng4 32.Bd4 Ne5 33.Rb3 b5 34.axb5 Rxb5 35.Rxb5 axb5 36.Ra1 Nc6
37.Bxc6 Rxc6 38.Ra5 b4 39.cxb4 Rc4 40.Bc3 Rxe4 41.b5 Rc4 42.Ra7 Kf7 43.b6 Rc8
44.Rc7 Rb8 45.Bd4 Ke8 46.b7 Kd8  1-0

[Event "Klatovy op-B"]
[Site "Klatovy"]
[Date "1997.??.??"]
[Round "?"]
[White "Brhlik, A."]
[Black "Dufek, M."]
[Result "0-1"]
[WhiteElo "1830"]
[BlackElo "1740"]

1.e4 c5 2.Nf3 d6 3.d4 cxd4 4.Nxd4 Nf6 5.Nc3 a6 6.Be3 Ng4 7.Bg5 h6 8.Bh4 g5
9.Bg3 Bg7 10.Be2 h5 11.h4 Qb6 12.Nb3 Qb4 13.Qd2 Bxc3 14.bxc3 Qb6 15.Qxg5 Nc6
16.Qg7 Rf8 17.O-O Be6 18.Nd4 Nxd4 19.cxd4 Nf6 20.e5 Rg8 21.Qh6 dxe5 22.Bxe5 Qc6
23.g3 Qe4 24.Qe3 Qxh4 25.Bxf6 Qxf6 26.Qf3 Qxd4 27.Rfd1 Qc5 28.Qxb7 Rxg3+
29.Kf1 Bh3+ 30.Ke1 Qc3+  0-1

[Event "RUS-chJM op"]
[Site "Kolontaevo"]
[Date "1997.??.??"]
[Round "?"]
[White "Shakhov, Aleksandr E"]
[Black "Bigaliev, Renat"]
[Result "0-1"]
[WhiteElo "2200"]
[BlackElo "2480"]

1.Nf3 c5 2.e4 d6 3.d4 cxd4 4.Nxd4 Nf6 5.Nc3 a6 6.Be3 e5 7.Nb3 Be6 8.Be2 Nbd7
9.O-O Be7 10.a4 Rc8 11.a5 Rxc3 12.bxc3 Nxe4 13.Qd3 f5 14.f3 Nef6 15.c4 O-O
16.Nd2 d5 17.cxd5 Nxd5 18.Kh1 Nc5 19.Bxc5 Bxc5 20.Nb3 Bb4 21.g3 Nc3 22.Qe3 Qc7
23.Bd3 Bd5 24.Rae1 e4 25.Qd4 exf3 26.Rf2 Bd6 27.Nd2 Qc5 28.Qxc5 Bxc5 29.Rxf3 Bxf3+
30.Nxf3 Kf7 31.Ng5+  0-1

[Event "Kuopio We KSY op"]
[Site "Kuopio"]
[Date "1997.??.??"]
[Round "2"]
[White "Lahtinen, Markku"]
[Black "Sammalvuo, Tapani"]
[Result "1-0"]
[WhiteElo "2240"]
[BlackElo "2375"]

1.e4 c5 2.Nf3 d6 3.d4 cxd4 4.Nxd4 Nf6 5.Nc3 a6 6.Be3 e5 7.Nb3 Be6 8.Be2 Be7
9.O-O O-O 10.Kh1 b5 11.a3 Nbd7 12.f4 Qc7 13.f5 Bc4 14.Nd2 d5 15.exd5 Nxd5
16.Nxc4 Nxc3 17.bxc3 bxc4 18.Qd5 Nf6 19.Qxc4 Qxc4 20.Bxc4 Rfc8 21.Bb3 a5
22.a4 Bc5 23.Rfe1 Bxe3 24.Rxe3 Rc5 25.h3 h5 26.Rg1 Rac8 27.Kh2 e4 28.g4 hxg4
29.hxg4 g5 30.fxg6 Rg5 31.Bxf7+ Kg7 32.Be6 Rh8+ 33.Rh3 Re8 34.Bf5 e3 35.Rh7+ Nxh7
36.gxh7 e2 37.Re1 Re5 38.Kh3 Rgxf5 39.gxf5 Rxf5 40.Rxe2 Rf3+ 41.Kg4 Rxc3
42.Rh2 Kh8 43.Kf5 Re3 44.c4 Rc3 45.Rh4 Re3 46.Re4 Rh3 47.Ke6 Rh5 48.Re5 Rh4
49.Kd5 Kxh7 50.c5 Kg6 51.Re4 Rh8 52.c6  1-0